Еволюція та експлікація гетерообразу України в італійських літературно-історичних джерелах XVII ст. (Запис № 463474)

МАРК-запис
000 -Лідер
fixed length control field 03719nam a22002657a 4500
001 - Контрольний номер
control field 216219330
003 - Ідентифікатор контрольного номера
control field UA-OsUOA
005 - Дата та час останнього входження (трансакції)
control field 20210205002110.0
008 - Елементи даних фіксованої довжини – загальна інформація
fixed length control field 200925b un ||||| m||| 00| 0 ukr d
040 ## - Джерело каталогізації
Агенція оригінальної каталогізації UA-OsUOA
Мова каталогізації ukr
Агенція, яка здійснювала перезапис UA-OsUOA
Агенція, яка здійснювала модифікацію UA-OsUOA
041 ## - Код мови
Код мови тексту/ звукової доріжки чи окремого заголовка (П) ukr
080 ## - Індекс Універсальної десяткової класифікації
Індекс Універсальної десяткової класифікації (УДК) (НП) 821.161.2+821.12].091“16”
090 ## - Локальний шифр розміщення
Класифікаційний індекс УДК 821.161.2+821.12].091“16”
095 ## - Код спеціальності для авторефератів
Код спеціальності 10.01.05
Назва спеціальності порівняльне літературознавство
100 ## - Основне введення – ім’я особи
Ім’я особи (НП) Константиненко К. Л.
245 ## - Відомості про назву
Назва (НП) Еволюція та експлікація гетерообразу України в італійських літературно-історичних джерелах XVII ст.
Дані про відповідальність (НП) Константиненко Ксенія Леонідівна ; наук. керівник Радишевський Ростислав Петрович
260 ## - Публікація, розповсюдження і т.п. (Вихідні дані)
Місце публікації, розповсюдження і т.п. (П) Київ
Дата публікації, розповсюдження і т.п. (П) 2014
300 ## - Фізичний опис
Обсяг 20 с.
502 ## - Примітка про дисертацію
Зв'язок Автореферат дисертації на здобуття наукового ступеня кандидата філологічних наук<br/>
Наймення інституції, що представляється Інститут літератури ім. Т. Г. Шевченка
Рік отримання вченого ступеня 2014
520 ## - Резюме і т.п.
Резюме, реферат, анотація, тощо (НП) Дисертацію присвячено проблемам еволюції етнообразу територій сучасної України й українця. В дослідженні розглянуто проблеми імагології в українському та світовому літературознавстві, проаналізовано основні фактори творення образу України-українця як “Іншого” на матеріалі в основному венеційської літературної сфери, з урахуванням значимості Венеційської республіки як політично-інформаційного та видавничого центру. Фактично вперше в українському літературознавстві образ України-українця розглядається насамперед як інтертекстуальний конструкт, очевидна умовність, передбачуваність і суб’єктивність якого обумовлюються роллю та особливостями функціонування літературної традиції, яка у різних пропорціях поєднується з актуальною інформацією. Дисертант визначає, прослідковує і обґрунтовує як довготривалу “інертність образу” (термін автора) України-українця, так і зрушення в його еволюції, насамперед в епоху польсько-козацьких конфліктів, а також вказує на значну роль у трансформаціях образу, зокрема, біографічного та рецептивного факторів. <br/>Використаний автором матеріал засвідчує перспективність дослідження проблеми гетерообразу України-українця і, в цілому, формування образу “Іншого” в сучасному літературознавстві.
650 ## - Додаткове предметне введення – тематичний термін
Джерело заголовка чи терміна UDC
Тематичний термін чи географічна назва, як елемент введення (НП) 821.161.2 Українська література
942 ## - Додаткові елементи входу (Коха)
Source of classification or shelving scheme Universal Decimal Classification
Тип елемента Koha Автореферат
955 ## - Код типу видання за змістом
Код типу видання за змістом (НП) Наукові видання

Немає доступних примірників.